000 00349 a2200169 4500
001 183168
020 _a85-322-4583-8
040 _cMagnum
100 _aGomes, Alvaro Cardoso
240 1 0 _aA hora do amor
_lpor
245 1 0 _aA hora do amor
300 _a125
362 0 _a2001
440 1 _aFTD
697 _aLITERATURA JUVENIL
942 _cBK
999 _c183168
_d183168